[Event "National Elementary Championship"]
[Site "Columbus, Ohio, United States"]
[Date "2022.05.14"]
[Round "4.12"]
[White "Liu, Aiden"]
[Black "Soni, Arjun"]
[Result "1-0"]
[TimeControl "G/90;d5"]
[WhiteElo "2015"]
[BlackElo "1776"]

1. e4 {[%clk 01:30:00]} {[%emt 00:00:02]} e5 {[%clk 01:30:00]} {[%emt
00:00:05]} 2. Nf3 {[%clk 01:30:00]} {[%emt 00:00:04]} Nc6 {[%clk 01:29:59]}
{[%emt 00:00:07]} 3. d4 {[%clk 01:30:00]} exd4 {[%clk 01:29:55]} {[%emt
00:00:09]} 4. Nxd4 {[%clk 01:30:00]} {[%emt 00:00:05]} Bc5 {[%emt 00:00:10]} 5.
Nb3 {[%clk 01:30:00]} {[%emt 00:00:04]} Bb6 {[%clk 01:29:47]} {[%emt 00:00:07]}
6. Nc3 {[%clk 01:30:00]} {[%emt 00:00:04]} d6 {[%clk 01:28:15]} {[%emt
00:01:37]} 7. Qe2 {[%clk 01:30:00]} {[%emt 00:00:05]} Be6 {[%clk 01:27:22]}
{[%emt 00:00:57]} 8. Be3 {[%clk 01:30:00]} {[%emt 00:00:06]} Bxe3 {[%clk
01:25:54]} {[%emt 00:01:33]} 9. Qxe3 {[%clk 01:30:00]} {[%emt 00:00:04]} Qe7
{[%clk 01:24:40]} {[%emt 00:01:19]} 10. O-O-O {[%clk 01:29:42]} {[%emt
00:00:22]} Nf6 {[%clk 01:23:05]} {[%emt 00:01:41]} 11. f3 {[%clk 01:29:22]}
{[%emt 00:00:25]} a6 {[%clk 01:20:20]} {[%emt 00:02:50]} 12. g4 {[%clk
01:29:18]} {[%emt 00:00:09]} h6 {[%clk 01:17:08]} {[%emt 00:03:17]} 13. Kb1
{[%clk 01:28:31]} {[%emt 00:00:52]} Nd7 {[%clk 01:14:17]} {[%emt 00:02:56]} 14.
h3 {[%clk 01:27:05]} {[%emt 00:01:30]} O-O-O {[%clk 01:12:40]} {[%emt
00:01:42]} 15. f4 {[%clk 01:24:59]} {[%emt 00:02:12]} f6 {[%clk 01:07:50]}
{[%emt 00:04:55]} 16. Bg2 {[%clk 01:23:57]} {[%emt 00:01:07]} Nb6 {[%clk
01:05:49]} {[%emt 00:02:06]} 17. Rhe1 {[%clk 01:22:51]} {[%emt 00:01:10]} Rhe8
{[%clk 01:00:28]} {[%emt 00:05:26]} 18. Qf2 {[%clk 01:05:20]} {[%emt 00:17:37]}
Qf8 {[%clk 00:51:35]} {[%emt 00:08:58]} 19. Nd5 {[%clk 01:01:15]} {[%emt
00:04:10]} Bxd5 {[%clk 00:49:49]} {[%emt 00:01:51]} 20. exd5 {[%clk 01:01:15]}
{[%emt 00:00:05]} Nb8 {[%clk 00:35:34]} {[%emt 00:14:20]} 21. Nd4 {[%clk
01:00:35]} {[%emt 00:00:45]} Rxe1 {[%emt 00:00:29]} 22. Rxe1 {[%clk 00:59:45]}
{[%emt 00:00:49]} Re8 {[%clk 00:34:52]} {[%emt 00:00:29]} 23. Ne6 {[%clk
00:59:25]} {[%emt 00:00:24]} Qf7 {[%clk 00:34:14]} {[%emt 00:00:42]} 24. Re3
{[%clk 00:57:51]} {[%emt 00:01:38]} N8d7 {[%clk 00:33:01]} {[%emt 00:01:21]} 25.
Rc3 {[%clk 00:56:14]} {[%emt 00:01:41]} Nc5 {[%clk 00:29:31]} {[%emt 00:03:37]}
26. f5 {[%clk 00:54:12]} {[%emt 00:02:06]} Nba4 {[%clk 00:27:00]} {[%emt
00:02:37]} 27. Rg3 {[%clk 00:50:32]} {[%emt 00:03:44]} Nb6 {[%clk 00:19:55]}
{[%emt 00:07:11]} 28. b3 {[%clk 00:49:25]} {[%emt 00:01:11]} Nxe6 {[%emt
00:05:33]} 29. dxe6 {[%clk 00:46:44]} {[%emt 00:01:59]} Qe7 {[%clk 00:14:25]}
{[%emt 00:00:54]} 30. a4 {[%clk 00:46:23]} {[%emt 00:00:26]} Kb8 {[%clk
00:13:25]} {[%emt 00:01:05]} 31. Rd3 {[%clk 00:44:06]} {[%emt 00:02:22]} Nc8
{[%clk 00:10:56]} {[%emt 00:02:33]} 32. c4 {[%clk 00:42:03]} {[%emt 00:02:08]}
Na7 {[%clk 00:04:21]} {[%emt 00:06:41]} 33. Qf4 {[%clk 00:40:40]} {[%emt
00:01:27]} Nc6 {[%clk 00:03:37]} {[%emt 00:00:50]} 34. Bxc6 {[%clk 00:40:02]}
{[%emt 00:00:43]} bxc6 {[%clk 00:03:37]} {[%emt 00:00:02]} 35. c5 {[%clk
00:39:57]} {[%emt 00:00:10]} d5 {[%clk 00:03:30]} {[%emt 00:00:13]} 36. Qb4+
{[%clk 00:38:57]} {[%emt 00:01:05]} Ka7 {[%clk 00:03:30]} {[%emt 00:00:01]} 37.
Qa5 {[%clk 00:38:49]} {[%emt 00:00:12]} Rb8 {[%clk 00:03:05]} {[%emt 00:00:29]}
38. b4 {[%clk 00:38:41]} {[%emt 00:00:14]} Rb7 {[%clk 00:02:25]} {[%emt
00:00:45]} 39. Ka2 {[%clk 00:37:31]} {[%emt 00:01:15]} Qf8 {[%clk 00:01:20]}
{[%emt 00:01:10]} 40. Ra3 {[%clk 00:36:07]} {[%emt 00:01:28]} Rb6 {[%clk
00:01:02]} {[%emt 00:00:24]} 41. Rc3 {[%clk 00:34:05]} {[%emt 00:02:07]} Rb7
{[%clk 00:00:38]} {[%emt 00:00:29]} 42. b5 {[%clk 00:33:51]} {[%emt 00:00:19]}
cxb5 {[%clk 00:00:23]} {[%emt 00:00:20]} 43. axb5 {[%clk 00:33:51]} {[%emt
00:00:04]} Rxb5 {[%clk 00:00:20]} {[%emt 00:00:08]} 44. Qxc7+ {[%clk 00:33:50]}
{[%emt 00:00:06]} Rb7 {[%clk 00:00:20]} {[%emt 00:00:01]} 45. Qd6 {[%clk
00:33:04]} {[%emt 00:00:49]} Qc8 {[%clk 00:00:05]} {[%emt 00:00:21]} 46. c6
{[%clk 00:32:58]} {[%emt 00:00:11]} Rc7 {[%clk 00:00:05]} {[%emt 00:00:03]} 47.
Qc5+ {[%clk 00:32:58]} {[%emt 00:00:05]} Ka8 {[%clk 00:00:05]} 48. Qxd5 {[%clk
00:32:15]} {[%emt 00:00:48]} Qb8 {[%clk 00:00:05]} {[%emt 00:00:02]} 49. e7
{[%clk 00:32:11]} {[%emt 00:00:09]} Rxe7 {[%clk 00:00:05]} {[%emt 00:00:05]} 50.
c7+ {[%clk 00:32:11]} {[%emt 00:00:04]} Qb7 {[%clk 00:00:05]} {[%emt 00:00:04]}
51. c8=Q+ {[%emt 00:00:05]} Ka7 {[%clk 00:00:05]} 52. Qdc5+ {[%clk 00:31:54]}
{[%emt 00:00:22]} Qb6 {[%clk 00:00:05]} {[%emt 00:00:02]} 53. Qxe7+ {[%clk
00:31:53]} {[%emt 00:00:07]} Qb7 {[%clk 00:00:05]} {[%emt 00:00:01]} 54. Qcxb7#
{[%clk 00:31:45]} {[%emt 00:00:13]} 1-0

[Event "National Elementary Championship"]
[Site "Columbus, Ohio, United States"]
[Date "2022.05.14"]
[Round "4.13"]
[White "Chaudhury, Anmay"]
[Black "Das, Aditeya"]
[Result "0-1"]
[TimeControl "G/90;d5"]
[WhiteElo "1743"]
[BlackElo "1995"]

1. e4 {[%clk 01:30:00]} e6 {[%clk 01:30:00]} 2. d4 {[%clk 01:30:00]} d5 {[%clk
01:30:00]} 3. Nc3 {[%clk 01:29:59]} {[%emt 00:00:04]} Nf6 {[%clk 01:30:00]} 4.
e5 {[%clk 01:29:55]} Nfd7 {[%clk 01:30:00]} 5. f4 {[%clk 01:29:18]} {[%emt
00:00:46]} c5 {[%clk 01:30:00]} 6. Nf3 {[%clk 01:29:18]} Nc6 {[%clk 01:29:52]}
{[%emt 00:00:07]} 7. Bb5 {[%clk 01:28:47]} {[%emt 00:00:35]} Qb6 {[%clk
01:29:42]} {[%emt 00:00:23]} 8. Bxc6 {[%clk 01:28:17]} {[%emt 00:01:12]} bxc6
{[%clk 01:29:39]} 9. O-O {[%clk 01:26:26]} {[%emt 00:01:20]} cxd4 {[%clk
01:29:17]} {[%emt 00:00:48]} 10. Nxd4 {[%clk 01:26:22]} c5 {[%clk 01:29:01]}
{[%emt 00:00:09]} 11. Nf3 {[%clk 01:24:01]} {[%emt 00:02:47]} Bb7 {[%clk
01:27:31]} {[%emt 00:01:16]} 12. f5 {[%clk 01:18:00]} {[%emt 00:06:14]} d4
{[%clk 01:27:08]} {[%emt 00:00:17]} 13. fxe6 {[%clk 01:17:53]} {[%emt
00:00:40]} fxe6 {[%clk 01:26:43]} {[%emt 00:00:04]} 14. Nb1 {[%clk 01:10:09]}
{[%emt 00:07:47]} Be7 {[%clk 01:22:06]} {[%emt 00:04:42]} 15. Nh4 {[%clk
01:08:51]} {[%emt 00:01:24]} O-O-O {[%clk 01:21:40]} {[%emt 00:00:34]} 16. Nf3
{[%clk 01:07:12]} {[%emt 00:01:41]} Bxf3 {[%clk 01:17:39]} {[%emt 00:04:05]} 17.
Rxf3 {[%clk 01:05:32]} {[%emt 00:01:48]} Nxe5 {[%clk 01:16:07]} {[%emt
00:01:41]} 18. Rb3 {[%clk 01:05:32]} {[%emt 00:00:13]} Qc6 {[%clk 01:14:59]}
{[%emt 00:01:07]} 19. Qe2 {[%clk 01:05:02]} {[%emt 00:00:25]} c4 {[%clk
01:14:21]} {[%emt 00:01:05]} 20. Qxe5 {[%clk 01:04:09]} {[%emt 00:00:44]} cxb3
{[%clk 01:13:48]} {[%emt 00:00:30]} 21. axb3 {[%clk 01:03:42]} {[%emt
00:00:34]} Bc5 {[%clk 01:13:13]} {[%emt 00:00:37]} 22. Bf4 {[%clk 00:59:32]}
{[%emt 00:04:40]} d3+ {[%clk 01:11:53]} {[%emt 00:01:00]} 23. Kh1 {[%clk
00:59:32]} {[%emt 00:00:46]} Rhf8 {[%clk 01:09:25]} {[%emt 00:01:52]} 24. Ra6
{[%clk 00:57:51]} {[%emt 00:01:47]} Bb6 {[%clk 01:08:27]} {[%emt 00:01:05]} 25.
cxd3 {[%clk 00:48:24]} {[%emt 00:09:29]} Rxd3 {[%clk 01:06:30]} {[%emt
00:02:12]} 26. h3 {[%clk 00:44:22]} {[%emt 00:03:58]} Kb7 {[%clk 01:06:14]}
{[%emt 00:00:41]} 27. Ra1 {[%clk 00:42:55]} {[%emt 00:01:12]} Rd1+ {[%clk
01:06:12]} {[%emt 00:00:09]} 28. Kh2 {[%clk 00:42:51]} {[%emt 00:00:08]} Rxf4
{[%clk 01:06:12]} {[%emt 00:00:13]} 29. Qxf4 {[%clk 00:38:47]} {[%emt
00:04:07]} Bc7 {[%clk 01:06:12]} 30. Kg3 {[%clk 00:38:34]} {[%emt 00:00:10]}
Rd3+ {[%clk 01:04:32]} {[%emt 00:01:46]} 31. Kg4 {[%clk 00:38:32]} {[%emt
00:00:23]} Qxg2+ {[%clk 01:04:28]} {[%emt 00:00:08]} 32. Kh5 {[%clk 00:38:32]}
Qg6+ {[%clk 01:04:27]} 33. Kh4 {[%clk 00:38:32]} {[%emt 00:00:07]} Bd8+ {[%clk
01:03:53]} {[%emt 00:00:33]} 34. Qg5 {[%clk 00:38:27]} {[%emt 00:00:12]} Qxg5#
{[%emt 00:00:40]} 0-1

[Event "National Elementary Championship"]
[Site "Columbus, Ohio, United States"]
[Date "2022.05.14"]
[Round "4.14"]
[White "Amin, Aidan"]
[Black "Mansurov, Yusuf"]
[Result "0-1"]
[TimeControl "G/90;d5"]
[WhiteElo "1568"]
[BlackElo "1919"]

1. d4 {[%clk 01:30:00]} Nf6 {[%clk 01:29:59]} 2. Nf3 {[%clk 01:29:58]} {[%emt
00:00:03]} d5 {[%clk 01:29:59]} {[%emt 00:00:07]} 3. e3 {[%clk 01:29:55]}
{[%emt 00:00:14]} g6 {[%clk 01:28:55]} {[%emt 00:00:55]} 4. c4 {[%clk
01:29:28]} {[%emt 00:00:39]} dxc4 {[%clk 01:28:29]} {[%emt 00:00:31]} 5. Bxc4
{[%clk 01:29:21]} {[%emt 00:00:07]} Bg7 {[%clk 01:28:26]} {[%emt 00:00:09]} 6.
b3 {[%clk 01:29:10]} {[%emt 00:00:13]} O-O {[%clk 01:28:15]} {[%emt 00:00:16]}
7. O-O {[%clk 01:28:58]} {[%emt 00:00:44]} b6 {[%clk 01:27:40]} {[%emt
00:00:16]} 8. Bb2 {[%clk 01:28:45]} {[%emt 00:00:15]} Bb7 {[%clk 01:27:27]}
{[%emt 00:00:33]} 9. Nbd2 {[%clk 01:28:20]} {[%emt 00:00:24]} Nbd7 {[%clk
01:26:57]} {[%emt 00:00:25]} 10. Qe2 {[%clk 01:27:09]} {[%emt 00:01:16]} c5
{[%clk 01:26:13]} {[%emt 00:00:50]} 11. Ba6 {[%clk 01:24:36]} {[%emt 00:02:38]}
Qc8 {[%clk 01:25:52]} {[%emt 00:00:32]} 12. Bxb7 {[%clk 01:23:20]} {[%emt
00:01:17]} Qxb7 {[%clk 01:25:52]} {[%emt 00:00:17]} 13. Nc4 {[%clk 01:22:08]}
{[%emt 00:00:57]} cxd4 {[%clk 01:23:33]} {[%emt 00:03:02]} 14. Bxd4 {[%clk
01:21:36]} {[%emt 00:00:04]} Rac8 {[%clk 01:22:34]} {[%emt 00:01:01]} 15. Rac1
{[%clk 01:20:29]} {[%emt 00:01:25]} Nc5 {[%clk 01:19:21]} {[%emt 00:03:08]} 16.
Rfd1 {[%clk 01:16:46]} {[%emt 00:03:44]} Nce4 {[%clk 01:15:18]} {[%emt
00:04:10]} 17. h3 {[%clk 01:12:19]} {[%emt 00:04:46]} Rfd8 {[%clk 01:12:05]}
{[%emt 00:03:02]} 18. Qb2 {[%clk 01:10:44]} {[%emt 00:01:41]} h5 {[%clk
01:02:03]} {[%emt 00:10:06]} 19. Ncd2 {[%clk 01:07:34]} {[%emt 00:03:15]} Nxd2
{[%clk 01:00:52]} {[%emt 00:01:50]} 20. Nxd2 {[%clk 01:06:48]} {[%emt
00:00:19]} b5 {[%clk 00:59:57]} {[%emt 00:01:09]} 21. Nf3 {[%clk 01:06:08]}
{[%emt 00:00:33]} a5 {[%clk 00:53:22]} {[%emt 00:06:40]} 22. Qa3 {[%clk
01:04:20]} {[%emt 00:01:54]} Ne4 {[%clk 00:42:04]} {[%emt 00:11:23]} 23. Bxg7
{[%clk 01:02:26]} {[%emt 00:01:58]} Kxg7 {[%clk 00:41:40]} {[%emt 00:00:32]} 24.
Qb2+ {[%clk 01:01:52]} {[%emt 00:00:36]} Kg8 {[%clk 00:41:12]} {[%emt
00:00:45]} 25. Nd4 {[%clk 00:54:49]} {[%emt 00:06:59]} b4 {[%clk 00:40:21]}
{[%emt 00:00:55]} 26. Ne2 {[%clk 00:54:02]} {[%emt 00:00:59]} Rxd1+ {[%clk
00:36:07]} {[%emt 00:04:10]} 27. Rxd1 {[%clk 00:53:51]} {[%emt 00:00:32]} Nc3
{[%clk 00:35:39]} {[%emt 00:00:18]} 28. Rd2 {[%clk 00:51:04]} {[%emt 00:02:51]}
Qe4 {[%clk 00:32:49]} {[%emt 00:03:24]} 29. Rc2 {[%clk 00:49:18]} {[%emt
00:01:24]} Kh7 {[%clk 00:27:15]} {[%emt 00:05:37]} 30. Kh2 {[%clk 00:43:04]}
{[%emt 00:06:19]} Nd1 {[%clk 00:25:38]} {[%emt 00:01:42]} 0-1

[Event "National Elementary Championship"]
[Site "Columbus, Ohio, United States"]
[Date "2022.05.14"]
[Round "4.15"]
[White "Rajaram, Rohan"]
[Black "Williams, Oscar"]
[Result "1-0"]
[TimeControl "G/90;d5"]
[WhiteElo "2042"]
[BlackElo "1737"]

1. d4 Nf6 2. c4 g6 3. g3 {[%clk 01:30:00]} Bg7 {[%clk 01:29:59]} {[%emt
18:38:22]} 4. Bg2 {[%clk 01:29:56]} O-O {[%clk 01:29:53]} {[%emt 00:00:18]} 5.
Nc3 {[%clk 01:29:55]} c6 {[%clk 01:29:38]} {[%emt 00:00:28]} 6. Nf3 {[%clk
01:29:51]} d6 {[%clk 01:29:14]} {[%emt 00:00:36]} 7. O-O {[%clk 01:29:39]} Nbd7
{[%clk 01:29:13]} {[%emt 00:00:23]} 8. h3 {[%clk 01:29:16]} Qc7 {[%clk
01:28:58]} {[%emt 00:00:48]} 9. Re1 {[%clk 01:28:31]} a5 {[%emt 00:01:39]} 10.
e4 e5 {[%clk 01:28:14]} 11. Be3 {[%clk 01:28:00]} exd4 {[%clk 01:26:57]} {[%emt
00:03:35]} 12. Nxd4 {[%clk 01:25:43]} Re8 {[%clk 01:26:31]} {[%emt 00:01:26]}
13. Qc2 {[%clk 01:23:56]} Nc5 {[%clk 01:24:57]} {[%emt 00:03:31]} 14. Rad1
{[%clk 01:22:49]} Ne6 {[%clk 01:22:04]} {[%emt 00:04:10]} 15. Rd2 {[%clk
01:20:26]} Nxd4 {[%emt 00:04:43]} 16. Bxd4 Be6 17. b3 Nh5 {[%clk 01:19:54]} 18.
Bxg7 {[%clk 01:20:16]} Nxg7 {[%emt 00:18:16]} 19. Red1 Rad8 20. Ne2 Bc8 21. a3
b6 22. Qb2 Ba6 23. Qc3 Ne6 24. b4 b5 25. cxb5 Bxb5 26. Nd4 axb4 {[%clk
01:06:39]} 27. axb4 {[%clk 01:14:35]} Nxd4 {[%clk 00:30:32]} {[%emt 01:00:10]}
28. Rxd4 {[%clk 00:53:00]} Re7 {[%clk 00:28:40]} {[%emt 00:02:23]} 29. h4
{[%clk 00:50:18]} {[%emt 00:02:48]} Qb8 {[%clk 00:26:24]} {[%emt 00:02:20]} 30.
Kh2 {[%clk 00:49:20]} {[%emt 00:01:04]} Qc7 {[%clk 00:21:43]} {[%emt 00:04:45]}
31. f4 {[%clk 00:47:40]} {[%emt 00:01:46]} Ree8 {[%clk 00:20:51]} {[%emt
00:00:55]} 32. Qd2 {[%clk 00:46:30]} {[%emt 00:01:16]} Ba4 {[%clk 00:17:59]}
{[%emt 00:02:58]} 33. Rc1 {[%clk 00:44:14]} {[%emt 00:02:21]} Bb5 {[%clk
00:15:35]} {[%emt 00:02:29]} 34. f5 {[%clk 00:42:35]} {[%emt 00:01:44]} Qe7
{[%clk 00:14:22]} {[%emt 00:01:17]} 35. Qf2 {[%clk 00:32:06]} {[%emt 00:10:34]}
Qe5 {[%clk 00:12:52]} {[%emt 00:01:35]} 36. Qd2 {[%clk 00:28:51]} {[%emt
00:03:21]} Qf6 {[%clk 00:10:19]} {[%emt 00:02:37]} 37. Rd1 {[%clk 00:28:10]}
{[%emt 00:00:47]} Ba4 {[%clk 00:09:47]} {[%emt 00:00:37]} 38. Rf1 {[%clk
00:27:48]} {[%emt 00:00:27]} Bb5 {[%clk 00:08:41]} {[%emt 00:01:12]} 39. Rf2
{[%clk 00:27:30]} {[%emt 00:00:23]} Qe5 {[%clk 00:07:56]} {[%emt 00:00:50]} 40.
Rf4 {[%clk 00:21:58]} {[%emt 00:05:36]} Kh8 {[%clk 00:07:08]} {[%emt 00:00:54]}
41. Rg4 {[%clk 00:20:31]} {[%emt 00:01:32]} Rg8 {[%clk 00:06:04]} {[%emt
00:01:09]} 42. Qf2 {[%clk 00:17:56]} {[%emt 00:02:39]} gxf5 {[%clk 00:04:24]}
{[%emt 00:01:45]} 43. exf5 {[%clk 00:17:20]} {[%emt 00:00:42]} Rxg4 {[%clk
00:03:43]} {[%emt 00:00:46]} 44. Rxg4 {[%clk 00:17:20]} {[%emt 00:00:02]} Qf6
{[%clk 00:03:13]} {[%emt 00:00:35]} 45. Rd4 {[%clk 00:13:49]} {[%emt 00:03:35]}
Re8 {[%clk 00:03:00]} {[%emt 00:00:18]} 46. Qf4 {[%clk 00:13:16]} {[%emt
00:00:38]} Re5 {[%clk 00:02:45]} {[%emt 00:00:21]} 47. Qd2 {[%clk 00:12:59]}
{[%emt 00:00:22]} Re2 {[%clk 00:01:52]} {[%emt 00:00:58]} 48. Qf4 {[%clk
00:12:30]} {[%emt 00:00:34]} Re5 {[%clk 00:01:43]} {[%emt 00:00:14]} 49. Rd2
{[%clk 00:10:56]} {[%emt 00:01:39]} d5 {[%clk 00:01:24]} {[%emt 00:00:25]} 50.
Rf2 {[%clk 00:10:05]} {[%emt 00:00:56]} Bd3 {[%clk 00:00:47]} {[%emt 00:00:41]}
51. Ra2 {[%clk 00:09:50]} {[%emt 00:00:20]} Qxf5 {[%clk 00:00:18]} {[%emt
00:00:35]} 52. Qd4 {[%emt 00:00:18]} Be4 {[%clk 00:00:17]} {[%emt 00:00:05]} 53.
Rf2 {[%clk 00:09:29]} {[%emt 00:00:12]} Qe6 {[%clk 00:00:14]} {[%emt 00:00:09]}
54. Bxe4 {[%clk 00:08:47]} {[%emt 00:00:47]} dxe4 {[%clk 00:00:14]} {[%emt
00:00:02]} 55. Rxf7 {[%clk 00:08:40]} {[%emt 00:00:11]} Qd5 {[%clk 00:00:06]}
{[%emt 00:00:14]} 56. Qa7 {[%clk 00:08:11]} {[%emt 00:00:34]} Qd2+ {[%clk
00:00:05]} {[%emt 00:00:06]} 57. Kh3 {[%clk 00:08:11]} 1-0

[Event "National Elementary Championship"]
[Site "Columbus, Ohio, United States"]
[Date "2022.05.14"]
[Round "4.16"]
[White "Stern, Kevin"]
[Black "Wang, Connor"]
[Result "0-1"]
[TimeControl "G/90;d5"]
[WhiteElo "1860"]
[BlackElo "1705"]

1. d4 {[%clk 01:30:00]} d5 {[%clk 01:30:00]} {[%emt 00:00:02]} 2. Bf4 {[%clk
01:30:00]} {[%emt 00:00:04]} c5 {[%clk 01:30:00]} {[%emt 00:00:03]} 3. e3
{[%clk 01:30:00]} {[%emt 00:00:05]} Nc6 {[%clk 01:30:00]} {[%emt 00:00:06]} 4.
c3 {[%clk 01:30:00]} {[%emt 00:00:03]} Nf6 {[%clk 01:30:00]} {[%emt 00:00:05]}
5. Nd2 {[%clk 01:29:41]} {[%emt 00:00:24]} Bf5 {[%clk 01:29:28]} {[%emt
00:00:37]} 6. Ngf3 {[%clk 01:28:50]} {[%emt 00:00:56]} Qb6 {[%clk 01:28:10]}
{[%emt 00:01:22]} 7. Qb3 {[%clk 01:28:28]} {[%emt 00:00:28]} c4 {[%clk
01:28:07]} {[%emt 00:00:08]} 8. Qxb6 {[%clk 01:28:21]} {[%emt 00:00:12]} axb6
{[%clk 01:28:03]} {[%emt 00:00:08]} 9. a3 {[%clk 01:25:21]} {[%emt 00:03:06]}
e6 {[%clk 01:27:16]} {[%emt 00:00:51]} 10. Be2 {[%clk 01:22:43]} {[%emt
00:02:44]} Be7 {[%clk 01:27:11]} {[%emt 00:00:10]} 11. O-O {[%clk 01:21:00]}
{[%emt 00:01:48]} O-O {[%clk 01:26:24]} {[%emt 00:00:50]} 12. Ne5 {[%clk
01:18:41]} {[%emt 00:02:26]} Nxe5 {[%clk 01:21:14]} {[%emt 00:05:15]} 13. Bxe5
{[%clk 01:18:19]} {[%emt 00:00:27]} Nd7 {[%clk 01:20:17]} {[%emt 00:01:02]} 14.
Bg3 {[%clk 01:17:40]} {[%emt 00:00:44]} Ra5 {[%clk 01:20:00]} {[%emt 00:00:22]}
15. Bf3 {[%clk 01:15:30]} {[%emt 00:02:15]} Nf6 {[%clk 01:18:12]} {[%emt
00:01:54]} 16. Rfe1 {[%clk 01:13:41]} {[%emt 00:01:53]} Rb5 {[%clk 01:17:52]}
{[%emt 00:00:25]} 17. Ra2 {[%clk 01:12:28]} {[%emt 00:01:19]} Ra8 {[%clk
01:14:12]} {[%emt 00:03:45]} 18. e4 {[%clk 01:11:04]} {[%emt 00:01:29]} dxe4
{[%clk 01:14:07]} {[%emt 00:00:10]} 19. Nxe4 {[%clk 01:10:50]} {[%emt
00:00:19]} Nxe4 {[%clk 01:14:03]} {[%emt 00:00:09]} 20. Bxe4 {[%clk 01:10:46]}
{[%emt 00:00:09]} Bxe4 {[%clk 01:14:03]} {[%emt 00:00:04]} 21. Rxe4 {[%clk
01:10:40]} {[%emt 00:00:11]} Rxa3 {[%clk 01:14:01]} {[%emt 00:00:07]} 22. Rxa3
{[%clk 01:09:02]} {[%emt 00:01:43]} Bxa3 {[%clk 01:13:58]} {[%emt 00:00:08]} 23.
f3 {[%clk 01:08:39]} {[%emt 00:00:29]} Bxb2 {[%clk 01:10:50]} {[%emt 00:03:12]}
24. d5 {[%clk 01:08:21]} {[%emt 00:00:24]} Rxd5 {[%clk 01:09:57]} {[%emt
00:00:57]} 25. Rxc4 {[%clk 01:08:21]} {[%emt 00:00:05]} Rc5 {[%clk 01:09:49]}
{[%emt 00:00:11]} 26. Rb4 {[%clk 01:07:57]} {[%emt 00:00:30]} Bxc3 {[%clk
01:09:39]} {[%emt 00:00:15]} 27. Ra4 {[%clk 01:07:27]} {[%emt 00:00:35]} h6
{[%clk 01:03:55]} {[%emt 00:05:49]} 28. Ra8+ {[%clk 01:07:05]} {[%emt
00:00:28]} Kh7 {[%clk 01:03:53]} {[%emt 00:00:06]} 29. Ra7 {[%clk 01:06:50]}
{[%emt 00:00:20]} Bd4+ {[%clk 01:02:14]} {[%emt 00:01:44]} 30. Kf1 {[%clk
01:06:49]} {[%emt 00:00:06]} Rc2 {[%clk 01:02:08]} {[%emt 00:00:10]} 31. Rxb7
{[%clk 01:06:36]} {[%emt 00:00:19]} Kg6 {[%clk 01:02:08]} {[%emt 00:00:05]} 32.
h4 {[%clk 01:04:40]} {[%emt 00:02:01]} h5 {[%clk 01:01:41]} {[%emt 00:00:31]}
33. Rb8 {[%clk 01:04:04]} {[%emt 00:00:42]} Rb2 {[%clk 00:59:16]} {[%emt
00:02:29]} 34. Rb7 {[%clk 01:03:46]} {[%emt 00:00:23]} b5 {[%clk 00:58:57]}
{[%emt 00:00:24]} 35. Be1 {[%clk 01:03:23]} {[%emt 00:00:28]} Bc5 {[%clk
00:57:00]} {[%emt 00:02:03]} 36. Rc7 {[%clk 01:03:02]} {[%emt 00:00:25]} Bd6
{[%clk 00:55:42]} {[%emt 00:01:22]} 37. Rc6 {[%clk 01:02:22]} {[%emt 00:00:45]}
Bb4 {[%clk 00:53:46]} {[%emt 00:02:02]} 38. Bxb4 {[%clk 01:01:39]} {[%emt
00:00:48]} Rxb4 {[%clk 00:53:44]} {[%emt 00:00:07]} 39. Rc5 {[%clk 01:01:31]}
{[%emt 00:00:12]} Rb2 {[%clk 00:51:03]} {[%emt 00:02:48]} 40. Kg1 {[%clk
01:01:17]} {[%emt 00:00:19]} b4 {[%clk 00:50:44]} {[%emt 00:00:24]} 41. Rb5
{[%clk 01:01:17]} {[%emt 00:00:05]} b3 {[%clk 00:47:32]} {[%emt 00:03:17]} 42.
Kh2 {[%clk 01:00:56]} {[%emt 00:00:23]} Rb1 {[%clk 00:46:24]} {[%emt 00:01:15]}
43. Kg3 {[%clk 01:00:52]} {[%emt 00:00:09]} b2 {[%clk 00:46:15]} {[%emt
00:00:15]} 44. Kh2 {[%clk 01:00:49]} {[%emt 00:00:06]} Kf6 {[%clk 00:45:48]}
{[%emt 00:00:31]} 45. Kg3 {[%clk 01:00:27]} {[%emt 00:00:30]} Ke7 {[%clk
00:45:39]} {[%emt 00:00:13]} 46. Kh2 {[%emt 00:00:10]} f5 {[%clk 00:42:08]}
{[%emt 00:03:35]} 47. Kg3 {[%clk 00:57:59]} {[%emt 00:02:30]} Kf6 {[%clk
00:40:31]} {[%emt 00:01:42]} 48. Rb6 {[%clk 00:57:34]} {[%emt 00:00:31]} g5
{[%clk 00:39:54]} {[%emt 00:00:40]} 49. hxg5+ {[%clk 00:57:03]} {[%emt
00:00:36]} Kxg5 {[%clk 00:39:47]} {[%emt 00:00:13]} 50. Rb5 {[%clk 00:56:25]}
{[%emt 00:00:43]} h4+ {[%clk 00:38:55]} {[%emt 00:00:56]} 51. Kh2 {[%clk
00:55:57]} {[%emt 00:00:32]} Kf4 {[%clk 00:38:05]} {[%emt 00:00:56]} 52. Rb4+
{[%clk 00:55:27]} {[%emt 00:00:36]} Ke3 {[%clk 00:38:04]} {[%emt 00:00:06]} 53.
Rb8 {[%clk 00:55:10]} {[%emt 00:00:22]} e5 {[%clk 00:37:44]} {[%emt 00:00:25]}
54. Rb7 {[%emt 00:03:16]} e4 {[%clk 00:34:40]} {[%emt 00:00:57]} 55. fxe4
{[%clk 00:53:35]} {[%emt 00:00:42]} fxe4 {[%clk 00:34:38]} {[%emt 00:00:07]} 56.
Rb3+ {[%clk 00:53:33]} {[%emt 00:00:08]} Ke2 {[%clk 00:32:04]} {[%emt
00:02:39]} 57. Rb4 {[%clk 00:53:12]} {[%emt 00:00:26]} e3 {[%clk 00:32:00]}
{[%emt 00:00:08]} 58. Rb3 {[%clk 00:52:38]} {[%emt 00:00:39]} Kf2 {[%clk
00:31:30]} {[%emt 00:00:33]} 59. Rb8 {[%clk 00:52:25]} {[%emt 00:00:20]} e2
{[%clk 00:31:06]} {[%emt 00:00:28]} 60. Rf8+ {[%clk 00:52:21]} {[%emt
00:00:09]} Ke1 {[%clk 00:30:59]} {[%emt 00:00:11]} 61. Rb8 {[%clk 00:52:04]}
{[%emt 00:00:22]} Rd1 {[%clk 00:29:40]} {[%emt 00:01:21]} 62. Rxb2 {[%clk
00:52:03]} {[%emt 00:00:09]} Kf1 {[%clk 00:29:40]} {[%emt 00:00:05]} 0-1